000
00254nam a22001097a 4500
008
160518b xxu||||| |||| 00| 0 eng d
020
_a
0072414340
041
_a
eng
080
_a
61
245
_a
Life-span development:
_c
john W. Santrock;
942
_2
udc
_c
BK
999
_c
2166
_d
2166